| 000 | 00849nam a22002537a 4500 | ||
|---|---|---|---|
| 003 | 0 | ||
| 005 | 20250925111603.0 | ||
| 008 | 250925b xxu||||| |||| 00| 0 eng d | ||
| 020 | _a978-1-4737-9131-2 | ||
| 050 |
_aHD 38.5 _b.M36 2024 |
||
| 100 |
_aMankiw, N. Gregory, _eauthor. |
||
| 245 |
_aBusiness economics / _cN. Gregory Mankiw, Mark P. Taylor, and Andrew Ashwin. |
||
| 250 | _aFourth edition. | ||
| 260 |
_aAndover, Hampshire, UK : _bCengage Learning, EMEA, _c2024. |
||
| 300 |
_ax, 551 pages : _bcolored illustrations ; _c26 cm. |
||
| 504 | _aIncludes index. | ||
| 650 | _aBusiness economics. | ||
| 650 | _aManagerial economics. | ||
| 650 |
_aIndustrial management _xEconomic aspects. |
||
| 650 |
_aDecision making _xEconomic aspects. |
||
| 700 |
_aTaylor, Mark P., _eauthor. |
||
| 700 |
_aAshwin, Andrew, _eauthor. |
||
| 942 |
_2lcc _cBK |
||
| 999 |
_c368102 _d368102 |
||